| 000 | 00527nam a2200169Ia 4500 | ||
|---|---|---|---|
| 003 | GCL | ||
| 008 | 140319s9999 xx 000 0 ara d | ||
| 040 |
_aGCL / _cGCL |
||
| 082 | 0 | 4 |
_a551 _bخ ج |
| 100 | 1 | _aخالد بن ابراهيم التركى | |
| 245 | 1 | 0 |
_aالجيولوجيا الفيزيائية: عملى (معادن - صخور) / _cخالد بن ابراهيم التركى |
| 490 |
_aكتاب _v0 |
||
| 650 | 0 | 4 | _aالمعادن |
| 650 | 0 | 4 | _aفيزياء الارض |
| 650 | 0 | 4 | _aالصخور |
| 942 |
_2ddc _cBK |
||
| 999 |
_c41375 _d41375 |
||